000 00690nam a2200289Ia 4500
005 20260324124500.0
008 008 260324s9999 xx 000 0 eng d
020 _a9780203859698
037 _aEBOOK
040 _aCRL
040 _beng
040 _cCRL
041 _2eng
041 _aeng
084 _qCRL
100 _aDavid Andrews
_9899379
245 0 _aKeynes and the British Humanist Tradition
245 4 _bThe Moral Purpose of the Market
260 _bTaylor and Francis
260 _c2010
365 _a
365 _b240
856 _uhttp://www.taylorfrancis.com/books/9780203859698
942 _cEBOOK
999 _c1768739
_d1768739